000 00808nam a2200229Ia 4500
001 10215
003 GE_BSU
008 181216s||||||||xx |||||||||||||| ||und||
020 _a99928–44–10–8
040 _cGE_BSU
100 _aსამსონია,ალექსანდრე
245 _aხოხოს ბაღი
245 _bიუმორისტული მოთხრობები
245 _cრედ:ჯემალ ხოფერია;მხატვ.რედ:გურამ გუჯაბიძე
260 _aბათუმი
260 _bაჭარა
260 _c2000
300 _a156გვ;20სმ.
541 _h5ლ.
653 _aხოხოს ბაღი:იუმორისტული მოთხრობები
942 _cBK
999 _c43484
_d43484